LEARNING STRABISMUS SURGERY (Record no. 8425)

MARC details
000 -LEADER
fixed length control field 00335nam a22001457a 4500
003 - CONTROL NUMBER IDENTIFIER
control field SGT
020 ## - INTERNATIONAL STANDARD BOOK NUMBER
International Standard Book Number 13-978-1-4511-1660-1
082 ## - DEWEY DECIMAL CLASSIFICATION NUMBER
Classification number 617.7, L13C
100 ## - MAIN ENTRY--PERSONAL NAME
Personal name CESTARI, DEAN M.
245 ## - TITLE STATEMENT
Title LEARNING STRABISMUS SURGERY
260 ## - PUBLICATION, DISTRIBUTION, ETC. (IMPRINT)
Place of publication, distribution, etc PHILADELPHIA
Name of publisher, distributor, etc WOLTERS KLUWER
Year of Publication 2013
300 ## - PAGE DESCRIPTION
No. of Pages 241
650 ## - SUBJECT ADDED ENTRY--TOPICAL TERM
Topical term or geographic name as entry element SURGERY
942 ## - ADDED ENTRY ELEMENTS (KOHA)
Source of classification or shelving scheme Dewey Decimal Classification
Koha item type Books
Holdings
Withdrawn status Lost status Source of classification or shelving scheme Damaged status Not for loan Collection code Home library Current library Shelving location Date acquired Vendor Name Cost, normal purchase price SGTU Bill Number Total Checkouts Full call number Accession No. (Barcode) Date last seen Bill Date Koha item type
    Dewey Decimal Classification     MEDICAL SGT Medical Library SGT Medical Library Reference Book 15/03/2016 AHUJA BOOK COMPANY 11608.00 SGTU 5978   617.7, L13C FM7467 15/03/2016 14/08/2015 Books